[Event "47th World Open"]
[Site "Philadelphia"]
[Date "2019.07.05"]
[Round "4"]
[White "Gorti, Akshita"]
[Black "Fedorowicz, John"]
[Result "0-1"]
[WhiteElo "2244"]
[BlackElo "2420"]
[PlyCount "90"]
[EventDate "2019.07.??"]
[EventType "swiss"]
[EventRounds "9"]
[EventCountry "USA"]

1. Nf3 d5 2. e3 Nf6 3. c4 g6 4. d4 Bg7 5. cxd5 Nxd5 6. e4 Nb6 7. Be2 c5 8. d5
e6 9. d6 Nc6 10. Nc3 Nd4 11. Nb5 O-O 12. O-O e5 13. Nfxd4 cxd4 14. Bd2 Bd7 15.
Bb4 Qh4 16. Nc7 Rad8 17. Bd3 Bc6 18. d7 Nxd7 19. Bxf8 Bxf8 20. g3 Qe7 21. Qe2
Nb6 22. Nb5 a6 23. Na3 Na4 24. Nc4 Nc5 25. Na5 Be8 26. Rac1 b6 27. Nc4 Bb5 28.
b3 Bh6 29. Rcd1 Qe6 30. a4 Be8 31. Nd2 b5 32. axb5 axb5 33. Nf3 Rb8 34. Rb1 Bd7
35. h4 Qd6 36. Nh2 f5 37. f3 Be3+ 38. Kg2 Qe6 39. g4 fxe4 40. Bxe4 Nxe4 41.
fxe4 Bf4 42. Rfd1 Rc8 43. g5 Rc5 44. Rd3 Qc6 45. Rb2 Bf5 0-1

[Event "47th World Open"]
[Site "Philadelphia"]
[Date "2019.07.05"]
[Round "4"]
[White "Kavutskiy, Konstantin"]
[Black "Wang, Eigen"]
[Result "1-0"]
[WhiteElo "2412"]
[BlackElo "2202"]
[PlyCount "93"]
[EventDate "2019.07.??"]
[EventType "swiss"]
[EventRounds "9"]
[EventCountry "USA"]

1. Nf3 c5 2. e3 Nf6 3. d4 e6 4. b3 b6 5. Bb2 Bb7 6. Bd3 Be7 7. O-O O-O 8. Nbd2
Nc6 9. a3 Rc8 10. Qe2 Re8 11. Rad1 cxd4 12. exd4 Bf8 13. Rfe1 d6 14. Nf1 g6 15.
Ne3 Bg7 16. h3 Nh5 17. g3 Qc7 18. h4 Qb8 19. Ng5 Nf6 20. Ng4 h6 21. Nxf6+ Bxf6
22. Nxf7 Kxf7 23. Qg4 Ne7 24. Rxe6 Bd5 25. Rxf6+ Kxf6 26. c4 Qb7 27. cxd5 Qxd5
28. Bc4 Qf5 29. d5+ Kf7 30. Qd4 Rg8 31. Re1 Rc5 32. Bd3 Qd7 33. b4 Rc7 34. Qf6+
Ke8 35. Re6 Qa4 36. Kh2 Kd8 37. Qf7 Qe8 38. Rxd6+ Kc8 39. Ba6+ Kb8 40. Qxe8+
Rxe8 41. Re6 Rc2 42. Be5+ Ka8 43. Bb5 Rf8 44. Rxe7 Rfxf2+ 45. Kg1 Rg2+ 46. Kf1
Rh2 47. Re8+ 1-0

[Event "47th World Open"]
[Site "Philadelphia"]
[Date "2019.07.05"]
[Round "4"]
[White "Li, Ben"]
[Black "Kondakov, Adrian"]
[Result "1-0"]
[WhiteElo "2358"]
[BlackElo "1954"]
[PlyCount "41"]
[EventDate "2019.07.??"]
[EventType "swiss"]
[EventRounds "9"]
[EventCountry "USA"]

1. d4 d5 2. Nf3 e6 3. c4 Be7 4. Nc3 Nf6 5. Bf4 O-O 6. a3 b6 7. e3 Nh5 8. Be5 f6
9. Bg3 Nxg3 10. hxg3 c6 11. Qc2 g6 12. Bd3 f5 13. g4 dxc4 14. Bxc4 fxg4 15. Ne5
Bf6 16. Rxh7 Kxh7 17. Qxg6+ Kh8 18. O-O-O Bh4 19. Rh1 Nd7 20. Qh6+ Kg8 21.
Bxe6+ 1-0

[Event "47th World Open"]
[Site "Philadelphia"]
[Date "2019.07.05"]
[Round "4"]
[White "Wang, Tianqi"]
[Black "Rama, Tejas"]
[Result "1-0"]
[WhiteElo "2353"]
[BlackElo "1944"]
[PlyCount "87"]
[EventDate "2019.07.??"]
[EventType "swiss"]
[EventRounds "9"]
[EventCountry "USA"]

1. d4 Nf6 2. c4 e6 3. g3 d5 4. Bg2 Be7 5. Nf3 O-O 6. O-O b6 7. Nc3 Bb7 8. Ne5
c5 9. dxc5 Bxc5 10. Nd3 Nbd7 11. Nf4 Bb4 12. cxd5 e5 13. Nd3 Bxc3 14. bxc3 Bxd5
15. Bxd5 Nxd5 16. Qb3 N5f6 17. Ba3 Re8 18. Rfd1 Qc7 19. Rac1 Rad8 20. c4 Ne4
21. Nb4 Ndc5 22. Qe3 f5 23. Nd5 Qb8 24. Bxc5 Nxc5 25. Qg5 Rf8 26. Ne7+ Kh8 27.
Nxf5 Ne6 28. Qg4 Rxd1+ 29. Rxd1 Qe8 30. Nd6 Qe7 31. e3 Rd8 32. Ne4 g6 33. Rd5
Nc7 34. Rxd8+ Qxd8 35. h4 Qe7 36. Qc8+ Kg7 37. Qb7 Qd7 38. c5 Kh6 39. cxb6 axb6
40. Qxb6 Qd1+ 41. Kh2 Nd5 42. Qd6 Qd3 43. Qxe5 Nxe3 44. Qf4+ 1-0

[Event "47th World Open"]
[Site "Philadelphia"]
[Date "2019.07.05"]
[Round "4"]
[White "Khomeriki, Nino"]
[Black "Mahajan, Rushaan"]
[Result "1-0"]
[WhiteElo "2343"]
[BlackElo "1889"]
[PlyCount "99"]
[EventDate "2019.07.??"]
[EventType "swiss"]
[EventRounds "9"]
[EventCountry "USA"]

1. Nf3 Nf6 2. g3 d5 3. Bg2 Bf5 4. c4 e6 5. d3 c6 6. cxd5 cxd5 7. Qb3 Qb6 8.
Qxb6 axb6 9. Nc3 Nc6 10. O-O h6 11. Nb5 Kd7 12. a3 Be7 13. Be3 Bc5 14. Bd2 Rhc8
15. b4 Be7 16. h3 Ne8 17. e4 dxe4 18. dxe4 Bxe4 19. Rfd1 Bd5 20. Be3 Nd6 21.
Nxd6 Bxd6 22. Bxb6 Ke7 23. Nd2 Bxg2 24. Kxg2 Be5 25. Rab1 Nd4 26. Bc5+ Ke8 27.
Nc4 Nc6 28. Nb6 Rcb8 29. b5 Ne7 30. Nd7 Bf6 31. Nxb8 Rxb8 32. Bxe7 Kxe7 33. a4
b6 34. Rbc1 Be5 35. Rc6 Rb7 36. f4 Bc7 37. Kf3 g6 38. Ke4 Ke8 39. Kd3 Ke7 40.
Kc4 Ke8 41. a5 Ke7 42. a6 Ra7 43. Kb3 g5 44. fxg5 hxg5 45. h4 Bxg3 46. h5 Bf2
47. h6 g4 48. Rc8 Bh4 49. h7 Bf6 50. Rb8 1-0

[Event "47th World Open"]
[Site "Philadelphia"]
[Date "2019.07.05"]
[Round "4"]
[White "Zhou, Aiden"]
[Black "Niemann, Hans"]
[Result "0-1"]
[WhiteElo "2074"]
[BlackElo "2467"]
[PlyCount "112"]
[EventDate "2019.07.??"]
[EventType "swiss"]
[EventRounds "9"]
[EventCountry "USA"]

1. d4 Nf6 2. c4 e6 3. Nc3 Bb4 4. e3 O-O 5. Nge2 Re8 6. a3 Bf8 7. Ng3 d5 8. cxd5
exd5 9. Bd3 c5 10. O-O Bg4 11. f3 Be6 12. dxc5 Bxc5 13. b4 Bd6 14. Nb5 Be5 15.
Nd4 Nc6 16. Bb2 Nxd4 17. Bxd4 Bxd4 18. exd4 Nd7 19. f4 Nf6 20. f5 Bd7 21. Qf3
Qb6 22. Qf4 Bb5 23. Bxb5 Qxb5 24. Rf3 Rac8 25. Raf1 Rc2 26. Re3 Rxe3 27. Qxe3
h6 28. h3 Qc4 29. Re1 Qa2 30. Re2 Rxe2 31. Nxe2 Qb1+ 32. Kh2 Qxf5 33. Ng3 Qe6
34. Qf4 Kh7 35. Qb8 Ne4 36. Ne2 Qd6+ 37. Qxd6 Nxd6 38. Nc3 Kg6 39. g4 f5 40.
Nxd5 fxg4 41. hxg4 Nb5 42. a4 Nxd4 43. Ne7+ Kf6 44. Nc8 a6 45. Nd6 b5 46. axb5
axb5 47. Ne4+ Ke5 48. Nc3 Kf4 49. Kh3 g5 50. Nd5+ Ke4 51. Nf6+ Kd3 52. Kg3 Kc4
53. Kf2 Kxb4 54. Ke3 Kc4 55. Kd2 b4 56. Ng8 b3 0-1

[Event "47th World Open"]
[Site "Philadelphia"]
[Date "2019.07.05"]
[Round "4"]
[White "Homa, Seth"]
[Black "Mujumdar, Sameer"]
[Result "1-0"]
[WhiteElo "2281"]
[BlackElo "2106"]
[PlyCount "63"]
[EventDate "2019.07.??"]
[EventType "swiss"]
[EventRounds "9"]
[EventCountry "USA"]

1. c4 Nf6 2. Nc3 g6 3. Nf3 Bg7 4. d4 O-O 5. Bg5 d6 6. e3 Nbd7 7. Be2 c6 8. O-O
Qc7 9. Qc2 e5 10. dxe5 dxe5 11. Nd2 a5 12. Na4 b6 13. Rfd1 Bb7 14. Rac1 Rfe8
15. Bf3 Nf8 16. c5 b5 17. Nb6 Rad8 18. a4 bxa4 19. Qxa4 Ne6 20. Bxf6 Bxf6 21.
Qxa5 Ra8 22. Qb4 Rad8 23. Ne4 Rxd1+ 24. Rxd1 Be7 25. Rd7 Qb8 26. Na4 Nd8 27.
Nd6 Bxd6 28. cxd6 Qc8 29. Nb6 Qb8 30. Re7 Ne6 31. Nd7 Qa8 32. Rxe8+ 1-0

[Event "47th World Open"]
[Site "Philadelphia"]
[Date "2019.07.05"]
[Round "4"]
[White "Kretchetov, Alexandre"]
[Black "Park, Evan"]
[Result "1/2-1/2"]
[WhiteElo "2216"]
[BlackElo "2036"]
[PlyCount "126"]
[EventDate "2019.07.??"]
[EventType "swiss"]
[EventRounds "9"]
[EventCountry "USA"]

1. Nf3 d5 2. d4 Nf6 3. c4 e6 4. Nc3 Bb4 5. e3 O-O 6. Bd2 b6 7. cxd5 exd5 8. Bd3
Bb7 9. Ne5 Nbd7 10. f4 Bxc3 11. Bxc3 Ne4 12. O-O f6 13. Bxe4 fxe5 14. Qb3 Nf6
15. Bd3 e4 16. Be2 Bc8 17. Bb4 Rf7 18. h3 h5 19. Rac1 Bf5 20. Be1 Qd6 21. Qc3
Rc8 22. Ba6 Re8 23. Qc6 Re6 24. Bb5 Qd8 25. Qc3 c6 26. Be2 Qd7 27. Bh4 g6 28.
b4 Rd6 29. Qe1 Qe6 30. Kh2 b5 31. Rg1 Rh7 32. a4 a6 33. a5 Kf7 34. Rc2 Rd7 35.
Qc3 Rc7 36. Rgc1 Nd7 37. Qe1 Rh8 38. Qg3 Nf8 39. Qe1 Nd7 40. Bg5 Rcc8 41. Kg1
Nb8 42. Kf2 Rh7 43. Qc3 Kg8 44. Qc5 Nd7 45. Qc3 Nb8 46. Rg1 h4 47. Rgc1 Nd7 48.
Kg1 Kg7 49. Qe1 Nb8 50. Bf1 Rch8 51. Rc5 Kf7 52. R1c2 Kg7 53. Rc1 Kf7 54. R5c2
Kg7 55. Qc3 Kg8 56. Qc5 Rb7 57. Bd8 Kg7 58. Bg5 Kg8 59. Kh2 Rhh7 60. Be2 Rh8
61. Rg1 Kg7 62. Qc3 Kg8 63. Qe1 Rbh7 1/2-1/2

[Event "47th World Open"]
[Site "Philadelphia"]
[Date "2019.07.05"]
[Round "4"]
[White "Baquero, Luis A"]
[Black "Canty, James"]
[Result "0-1"]
[WhiteElo "2070"]
[BlackElo "2233"]
[PlyCount "82"]
[EventDate "2019.07.??"]
[EventType "swiss"]
[EventRounds "9"]
[EventCountry "USA"]

1. d4 Nf6 2. c4 g6 3. Nf3 Bg7 4. g3 O-O 5. Bg2 d6 6. Nc3 Nc6 7. O-O a6 8. d5
Na5 9. Nd2 c5 10. Qc2 Rb8 11. b3 b5 12. Rb1 Bf5 13. e4 Bd7 14. h3 e5 15. Nd1
Nh5 16. Nb2 f5 17. Nd3 Qc7 18. Re1 Rf7 19. Kh2 Rbf8 20. exf5 gxf5 21. f4 e4 22.
Nf2 Bd4 23. Nd1 Rg7 24. Nf1 Qd8 25. Be3 Qf6 26. Qd2 Nb7 27. Rc1 Kh8 28. Nc3
Rfg8 29. Ne2 Bxe3 30. Qxe3 b4 31. Rc2 Qh6 32. Ra1 Nf6 33. Kg1 Be8 34. Kf2 Bh5
35. a3 Bxe2 36. Rxe2 bxa3 37. Rxa3 a5 38. Qc3 Nh5 39. Ke1 Qg6 40. g4 Nxf4 41.
Rf2 Nd3+ 0-1

[Event "47th World Open"]
[Site "Philadelphia"]
[Date "2019.07.04"]
[Round "3.4"]
[White "Melkumyan, Hrant"]
[Black "Chirila, Ioan-Cristian"]
[Result "1-0"]
[WhiteElo "2658"]
[BlackElo "2534"]
[PlyCount "91"]
[EventDate "2019.07.??"]
[EventType "swiss"]
[EventRounds "9"]
[EventCountry "USA"]

1. Nf3 Nf6 2. c4 g6 3. Nc3 d5 4. cxd5 Nxd5 5. Qc2 Nc6 6. Qb3 Ndb4 7. a3 Be6 8.
Qd1 Nd5 9. e4 Nxc3 10. bxc3 Bg7 11. d4 Na5 12. Rb1 O-O 13. Be2 c5 14. O-O Ba2
15. Rb2 Bc4 16. Be3 Qc7 17. Nd2 Bxe2 18. Qxe2 cxd4 19. cxd4 b6 20. h4 Qc3 21.
Nb1 Qc4 22. Rc1 Qxe2 23. Rxe2 Nb3 24. Rc4 Rfc8 25. Rec2 Rxc4 26. Rxc4 b5 27.
Rb4 Nxd4 28. Bxd4 a5 29. Rxb5 Bxd4 30. Nd2 a4 31. Nc4 e6 32. g4 h6 33. Kg2 Bf6
34. h5 gxh5 35. gxh5 Be7 36. e5 Rd8 37. Rb7 Rd4 38. Rc7 Kf8 39. Kf3 Rd3+ 40.
Ke4 Rc3 41. Kd4 Rh3 42. Ke4 Bxa3 43. Rc8+ Kg7 44. Ra8 Rxh5 45. Nxa3 f6 46. Nc4
1-0

[Event "47th World Open"]
[Site "Philadelphia"]
[Date "2019.07.04"]
[Round "3"]
[White "Finegold, Benjamin"]
[Black "Nyzhnyk, Illya"]
[Result "0-1"]
[WhiteElo "2475"]
[BlackElo "2657"]
[PlyCount "114"]
[EventDate "2019.07.??"]
[EventType "swiss"]
[EventRounds "9"]
[EventCountry "USA"]

1. d4 Nf6 2. c4 g6 3. Nc3 Bg7 4. e4 d6 5. Be2 O-O 6. Nf3 Na6 7. O-O e5 8. Re1
Qe8 9. Bf1 c6 10. Rb1 Bg4 11. d5 c5 12. a3 Qe7 13. b4 Rfc8 14. h3 Bd7 15. Be3
b6 16. Nd2 Kh8 17. Rb3 Ng8 18. Qb1 Bh6 19. b5 Bxe3 20. Rxe3 Nc7 21. a4 Ne8 22.
a5 Ng7 23. Ra3 Rf8 24. Qa1 Rab8 25. axb6 axb6 26. Ne2 Rbe8 27. Ra7 Qd8 28. Rea3
Bc8 29. Ra8 Nf6 30. R3a7 Nd7 31. g3 f5 32. exf5 gxf5 33. f4 h6 34. Nf3 Kh7 35.
Bg2 Rf7 36. fxe5 dxe5 37. Rxd7 Rxd7 38. Nxe5 Rc7 39. Nf4 Qd6 40. Nc6 Rg8 41.
Kh2 Ne8 42. Ra7 Qd7 43. Ra3 Qg7 44. Ne6 Qxa1 45. Rxa1 Rb7 46. Ncd8 Rd7 47. Nc6
Nd6 48. Bf1 Rf7 49. Bd3 Kh8 50. Rf1 Re8 51. Ncd8 Bxe6 52. Nxe6 Ra8 53. Nf4 Ra2+
54. Kh1 Rfa7 55. Ng6+ Kg7 56. Nh4 Ra1 57. Kg1 Rxf1+ 0-1

[Event "47th World Open"]
[Site "Philadelphia"]
[Date "2019.07.04"]
[Round "3"]
[White "Robson, Ray"]
[Black "Shabalov, Alexander"]
[Result "1/2-1/2"]
[WhiteElo "2652"]
[BlackElo "2500"]
[PlyCount "92"]
[EventDate "2019.07.??"]
[EventType "swiss"]
[EventRounds "9"]
[EventCountry "USA"]

1. e4 c5 2. Nf3 e6 3. d4 cxd4 4. Nxd4 Nc6 5. Nc3 Qc7 6. g3 a6 7. Bg2 h5 8. h3
Bc5 9. Be3 d6 10. O-O Nf6 11. Na4 Ba7 12. Nxc6 Bxe3 13. fxe3 bxc6 14. e5 dxe5
15. Nc5 Rb8 16. Rb1 Nd5 17. Qd2 Qe7 18. b4 a5 19. a3 axb4 20. axb4 O-O 21. c4
Nb6 22. Qc3 Nd7 23. Nxd7 Bxd7 24. c5 f6 25. Rfd1 Rfd8 26. Rd6 Be8 27. Rbd1 Rxd6
28. Rxd6 Qb7 29. Rxe6 Kf7 30. Rd6 Qxb4 31. Qxb4 Rxb4 32. Bxc6 Bxc6 33. Rxc6 Kg6
34. Rc7 Rc4 35. c6 Kf5 36. Rxg7 Rxc6 37. g4+ Ke4 38. gxh5 Kxe3 39. h6 f5 40.
Rg5 Rxh6 41. Rxf5 e4 42. Kg2 Ke2 43. Rf2+ Kd3 44. Ra2 Rc6 45. Ra1 e3 46. Kf1
Ke4 1/2-1/2

[Event "47th World Open"]
[Site "Philadelphia"]
[Date "2019.07.04"]
[Round "3"]
[White "Azarov, Sergei"]
[Black "Shetty, Atulya"]
[Result "1/2-1/2"]
[WhiteElo "2601"]
[BlackElo "2420"]
[PlyCount "45"]
[EventDate "2019.07.??"]
[EventType "swiss"]
[EventRounds "9"]
[EventCountry "USA"]

1. e4 e6 2. d4 d5 3. Nd2 c5 4. Ngf3 cxd4 5. Nxd4 Nf6 6. exd5 Nxd5 7. N2f3 Bb4+
8. Bd2 O-O 9. Bxb4 Nxb4 10. a3 N4c6 11. Nxc6 Nxc6 12. Qxd8 Rxd8 13. Bd3 Bd7 14.
O-O-O h6 15. Rd2 Kf8 16. Rhd1 Ke7 17. b4 Be8 18. Kb2 Rac8 19. h4 f6 20. c3 Bh5
21. Be4 Rxd2+ 22. Rxd2 g5 23. hxg5 1/2-1/2

[Event "47th World Open"]
[Site "Philadelphia"]
[Date "2019.07.04"]
[Round "3"]
[White "Gordievsky, Dmitry"]
[Black "Kavutskiy, Konstantin"]
[Result "1-0"]
[WhiteElo "2590"]
[BlackElo "2412"]
[PlyCount "55"]
[EventDate "2019.07.??"]
[EventType "swiss"]
[EventRounds "9"]
[EventCountry "USA"]

1. d4 Nf6 2. Nf3 g6 3. c4 Bg7 4. Nc3 O-O 5. e4 d6 6. h3 Na6 7. Bg5 c6 8. Be2 h6
9. Be3 e5 10. d5 Nh5 11. Qd2 Nf4 12. Bxf4 exf4 13. Qxf4 Nc5 14. O-O f5 15. exf5
Bxf5 16. Qd2 Qf6 17. Rad1 Rae8 18. Nd4 Bd7 19. dxc6 bxc6 20. Bf3 Rc8 21. b4 Na6
22. Ne4 Qxd4 23. Qxd4 Bxd4 24. Rxd4 Nxb4 25. Rxd6 Bxh3 26. Rb1 c5 27. a3 Nc2
28. Nf6+ 1-0

[Event "47th World Open"]
[Site "Philadelphia"]
[Date "2019.07.04"]
[Round "3"]
[White "Bryant, John Daniel"]
[Black "Andriasian, Zaven"]
[Result "1/2-1/2"]
[WhiteElo "2417"]
[BlackElo "2589"]
[PlyCount "52"]
[EventDate "2019.07.??"]
[EventType "swiss"]
[EventRounds "9"]
[EventCountry "USA"]

1. e4 g6 2. d4 Bg7 3. Nf3 d6 4. Bc4 e6 5. Nc3 Ne7 6. O-O a6 7. a4 b6 8. Re1 h6
9. h3 Bb7 10. Bf4 Nd7 11. Qd2 Nf6 12. Rad1 d5 13. exd5 Nexd5 14. Nxd5 Nxd5 15.
Be5 O-O 16. Bb3 b5 17. axb5 axb5 18. Bg3 Ra6 19. Ne5 Nf6 20. Bf4 g5 21. Bh2 Bd5
22. Qe3 Bxb3 23. Qxb3 Qd5 24. Qc3 c6 25. b3 Rfa8 26. Qe3 Qd8 1/2-1/2

[Event "47th World Open"]
[Site "Philadelphia"]
[Date "2019.07.04"]
[Round "3"]
[White "Turgut, Aydin"]
[Black "Quesada Perez, Yasser"]
[Result "0-1"]
[WhiteElo "2378"]
[BlackElo "2572"]
[PlyCount "80"]
[EventDate "2019.07.??"]
[EventType "swiss"]
[EventRounds "9"]
[EventCountry "USA"]

1. e4 c5 2. Nf3 Nc6 3. d4 cxd4 4. Nxd4 Qb6 5. Nb3 Nf6 6. Nc3 e6 7. Bd3 Be7 8.
O-O O-O 9. Be3 Qc7 10. f4 d6 11. Kh1 a6 12. a3 b5 13. Qf3 Bb7 14. Nd4 b4 15.
Nxc6 Bxc6 16. axb4 Qb7 17. Bd4 Qxb4 18. Ne2 g6 19. Ra3 Qb7 20. Rb3 Qd7 21. Nc3
a5 22. Qe2 a4 23. Rb6 Rfb8 24. Rxb8+ Rxb8 25. e5 dxe5 26. Bxe5 Rd8 27. Nb5 Ba8
28. Nd4 Qb7 29. Bb5 Qb6 30. c3 Ne4 31. Nf3 Bc5 32. Bd4 Bxd4 33. Nxd4 a3 34. Bd3
Qxb2 35. Nb5 Nxc3 36. Qxb2 axb2 37. Nxc3 Rxd3 38. Nb1 Bd5 39. Kg1 Bb3 40. Kf2
Rd1 0-1

[Event "47th World Open"]
[Site "Philadelphia"]
[Date "2019.07.04"]
[Round "3"]
[White "Quesada Perez, Yuniesky"]
[Black "Posthuma, Joshua"]
[Result "1-0"]
[WhiteElo "2626"]
[BlackElo "2321"]
[PlyCount "69"]
[EventDate "2019.07.??"]
[EventType "swiss"]
[EventRounds "9"]
[EventCountry "USA"]

1. e4 c6 2. d4 d5 3. e5 c5 4. dxc5 Nc6 5. f4 e6 6. Be3 d4 7. Bf2 Bxc5 8. Nd2
Nh6 9. a3 O-O 10. Bd3 f6 11. exf6 Qxf6 12. Ne4 Qxf4 13. Nh3 Qe5 14. Bg3 Qd5 15.
Nf4 Qf5 16. O-O Be7 17. Nd6 Qg5 18. Nxc8 Raxc8 19. Qe2 e5 20. Qe4 g6 21. Qd5+
Rf7 22. Nh3 Qe3+ 23. Kh1 Kg7 24. Rfe1 Qd2 25. Rad1 Qa5 26. Bxe5+ Kf8 27. Qe6
Rd8 28. Bf4 Ng8 29. Bc4 Rg7 30. Ng5 Nf6 31. Qh3 Re8 32. Ne6+ Kg8 33. Nc7+ Kh8
34. Nxe8 Nxe8 35. Qc8 1-0

[Event "47th World Open"]
[Site "Philadelphia"]
[Date "2019.07.04"]
[Round "3"]
[White "Cordova, Emilio"]
[Black "Zhou, Liran"]
[Result "1-0"]
[WhiteElo "2615"]
[BlackElo "2314"]
[PlyCount "81"]
[EventDate "2019.07.??"]
[EventType "swiss"]
[EventRounds "9"]
[EventCountry "USA"]

1. g3 Nf6 2. Bg2 d5 3. Nf3 e6 4. O-O Be7 5. c4 O-O 6. b3 c5 7. e3 Nc6 8. Bb2 d4
9. exd4 cxd4 10. Re1 Ne8 11. Ne5 Nxe5 12. Rxe5 f6 13. Re1 e5 14. f4 Bd6 15. Qf3
Nc7 16. f5 a5 17. a4 Rb8 18. d3 Bb4 19. Rf1 Bd7 20. Qd1 Bc6 21. Nd2 Bc3 22. Rb1
Bxb2 23. Rxb2 Na6 24. Ne4 Qe7 25. g4 Bxe4 26. Bxe4 Nb4 27. Rg2 h6 28. h4 Rfd8
29. g5 hxg5 30. hxg5 fxg5 31. Qh5 Rd6 32. Rxg5 Qf7 33. Qh2 Rf6 34. Rh5 Rh6 35.
Rxh6 gxh6 36. f6 h5 37. Kh1 Kf8 38. Qxe5 Rd8 39. Qc5+ Kg8 40. Qg5+ Kf8 41. Qh6+
1-0

[Event "47th World Open"]
[Site "Philadelphia"]
[Date "2019.07.04"]
[Round "3"]
[White "Lu, Maximillian"]
[Black "Wang, Tianqi"]
[Result "1/2-1/2"]
[WhiteElo "2090"]
[BlackElo "2353"]
[PlyCount "82"]
[EventDate "2019.07.??"]
[EventType "swiss"]
[EventRounds "9"]
[EventCountry "USA"]

1. d4 Nf6 2. c4 e6 3. g3 Bb4+ 4. Bd2 c5 5. Bxb4 cxb4 6. Bg2 O-O 7. Nf3 d6 8.
O-O Nc6 9. Nbd2 a5 10. Rc1 Bd7 11. e4 e5 12. d5 Nb8 13. c5 Bb5 14. Re1 Na6 15.
cxd6 Qxd6 16. Qc2 Nd7 17. Bf1 Bxf1 18. Rxf1 Qf6 19. Qa4 Ndc5 20. Qb5 b6 21. Kg2
Nc7 22. Qe2 Ne8 23. Nb3 Qe7 24. Nxc5 bxc5 25. Nd2 Nf6 26. Qe3 Nd7 27. f4 Rfc8
28. f5 f6 29. g4 a4 30. h4 Nb6 31. g5 Kh8 32. Rf3 Qd6 33. Nc4 Nxc4 34. Rxc4 a3
35. b3 Rab8 36. Rg3 Rc7 37. Kh3 Rbc8 38. Qg1 Rf8 39. h5 fxg5 40. Rxg5 Rfc8 41.
Qg4 Qf6 1/2-1/2

[Event "47th World Open"]
[Site "Philadelphia"]
[Date "2019.07.04"]
[Round "3"]
[White "Mahajan, Rushaan"]
[Black "Der Manuelian, Haik"]
[Result "1/2-1/2"]
[WhiteElo "1889"]
[BlackElo "2323"]
[PlyCount "77"]
[EventDate "2019.07.??"]
[EventType "swiss"]
[EventRounds "9"]
[EventCountry "USA"]

1. d4 d5 2. Bf4 Nf6 3. e3 c5 4. c3 Nc6 5. Nf3 Bg4 6. Nbd2 e6 7. Qb3 Qc8 8. h3
Bh5 9. Be2 c4 10. Qa4 a6 11. O-O h6 12. b4 Be7 13. Qc2 O-O 14. a4 Bg6 15. Qb2
Nd7 16. b5 Na5 17. Ne5 Nxe5 18. Bxe5 Bd3 19. Rfe1 Bxe2 20. Rxe2 Qd7 21. Bg3
Rfc8 22. Rb1 Bf8 23. Qc2 Qe7 24. Rb2 Qd7 25. e4 dxe4 26. Qxe4 axb5 27. axb5 Qd5
28. Qc2 Bd6 29. Bxd6 Qxd6 30. g3 Nb3 31. Nxb3 cxb3 32. Qxb3 Ra3 33. Qc2 Rcxc3
34. Qe4 b6 35. Rbc2 g6 36. Rxc3 Rxc3 37. Ra2 Rc4 38. Ra7 Qxd4 39. Qf3 1/2-1/2

[Event "47th World Open"]
[Site "Philadelphia"]
[Date "2019.07.04"]
[Round "3"]
[White "Lee, Megan"]
[Black "Katz, Alexander"]
[Result "0-1"]
[WhiteElo "2139"]
[BlackElo "2429"]
[PlyCount "90"]
[EventDate "2019.07.??"]
[EventType "swiss"]
[EventRounds "9"]
[EventCountry "USA"]

1. e4 d6 2. d4 Nf6 3. Nc3 g6 4. Be3 c6 5. h3 Nbd7 6. f4 b5 7. a3 Nb6 8. Bd3 Bg7
9. Qf3 O-O 10. g4 a5 11. f5 Bb7 12. Nce2 Nfd7 13. h4 e5 14. c3 exd4 15. cxd4 c5
16. Bg5 Qc7 17. f6 Bh8 18. h5 cxd4 19. Rc1 Nc5 20. Nxd4 Nxd3+ 21. Qxd3 Qd7 22.
Nge2 Rae8 23. Qxb5 Bxe4 24. Qxd7 Nxd7 25. O-O Bd3 26. Rf2 Re4 27. Rf4 Nxf6 28.
Bxf6 Rxf4 29. Nxf4 Bxf6 30. Nxd3 Bxd4+ 31. Kg2 Re8 32. Rc4 Bxb2 33. Nxb2 Re2+
34. Kf3 Rxb2 35. h6 Kf8 36. Rc8+ Ke7 37. Rh8 Kf6 38. Rxh7 Rb8 39. Kf4 g5+ 40.
Ke4 Rf8 41. Rg7 Rh8 42. Kd5 Rxh6 43. Rg8 Rh3 44. Kxd6 Rxa3 45. Ra8 Ra4 0-1

[Event "47th World Open"]
[Site "Philadelphia"]
[Date "2019.07.04"]
[Round "3"]
[White "Fedorowicz, John"]
[Black "Castillo, Josue Natanael"]
[Result "1-0"]
[WhiteElo "2420"]
[BlackElo "2156"]
[PlyCount "53"]
[EventDate "2019.07.??"]
[EventType "swiss"]
[EventRounds "9"]
[EventCountry "USA"]

1. d4 Nf6 2. c4 c5 3. d5 b5 4. cxb5 a6 5. b6 Qxb6 6. Nc3 e6 7. e4 Bb7 8. Nf3
exd5 9. exd5 d6 10. Bc4 Be7 11. Nd2 O-O 12. Bb3 Nbd7 13. Nc4 Qc7 14. O-O Nb6
15. Nxb6 Qxb6 16. Re1 Rfe8 17. Ba4 Bf8 18. Bxe8 Nxe8 19. Qd3 Nc7 20. Bg5 Rc8
21. Be7 c4 22. Qd2 Qc5 23. Bxf8 Kxf8 24. Rad1 Nb5 25. Ne4 Qb6 26. Qf4 Nc7 27.
Nxd6 1-0

[Event "47th World Open"]
[Site "Philadelphia"]
[Date "2019.07.04"]
[Round "3"]
[White "Peredun, Andrew"]
[Black "Melaugh, Shane"]
[Result "1-0"]
[WhiteElo "2344"]
[BlackElo "2126"]
[PlyCount "81"]
[EventDate "2019.07.??"]
[EventType "swiss"]
[EventRounds "9"]
[EventCountry "USA"]

1. d4 e6 2. e4 c5 3. d5 exd5 4. exd5 d6 5. Nc3 g6 6. Bf4 Bg7 7. Bb5+ Kf8 8. Nf3
a6 9. Bd3 Nf6 10. O-O b5 11. Re1 Bb7 12. h3 h6 13. Nd2 Ra7 14. Nde4 Ne8 15. Qf3
b4 16. Na4 Bxd5 17. Qg3 c4 18. Nxd6 Nf6 19. Bxc4 Bxc4 20. Nxc4 Nc6 21. Rad1 Rd7
22. Bd6+ Kg8 23. Nc5 Nh5 24. Qf3 Nd4 25. Rxd4 Bxd4 26. Nxd7 Qxd7 27. Re7 Qf5
28. Qxf5 gxf5 29. Re8+ Kh7 30. Rxh8+ Bxh8 31. Bxb4 Nf4 32. Kf1 Kg6 33. Bd2 Ne6
34. c3 f4 35. Ke2 Kf5 36. Nd6+ Kf6 37. Kf3 Nc5 38. Ne4+ Nxe4 39. Kxe4 Ke6 40.
Bxf4 f5+ 41. Kd3 1-0

[Event "47th World Open"]
[Site "Philadelphia"]
[Date "2019.07.04"]
[Round "3"]
[White "Wu, Rochelle"]
[Black "Husbands, Orlando"]
[Result "0-1"]
[WhiteElo "2085"]
[BlackElo "2289"]
[PlyCount "52"]
[EventDate "2019.07.??"]
[EventType "swiss"]
[EventRounds "9"]
[EventCountry "USA"]

1. d4 Nf6 2. c4 e6 3. Nc3 Bb4 4. Qc2 O-O 5. a3 Bxc3+ 6. Qxc3 d5 7. Bg5 dxc4 8.
Qxc4 b6 9. Nf3 Ba6 10. Qa4 Qd7 11. Qc2 c5 12. Bxf6 gxf6 13. Rd1 cxd4 14. Nxd4
Rc8 15. Qe4 Qb7 16. Qf4 Nd7 17. h4 Kh8 18. Nf3 Qc7 19. Qh6 Rg8 20. h5 Rad8 21.
Rh4 e5 22. e3 Bxf1 23. Kxf1 Qc6 24. e4 Qc4+ 25. Kg1 Qe2 26. Rxd7 Qxf3 0-1

[Event "47th World Open"]
[Site "Philadelphia"]
[Date "2019.07.04"]
[Round "3"]
[White "Zhang, Henry"]
[Black "Homa, Seth"]
[Result "1/2-1/2"]
[WhiteElo "2071"]
[BlackElo "2281"]
[PlyCount "58"]
[EventDate "2019.07.??"]
[EventType "swiss"]
[EventRounds "9"]
[EventCountry "USA"]

1. e4 c5 2. Nf3 Nc6 3. d4 cxd4 4. Nxd4 e5 5. Nb5 d6 6. N1c3 a6 7. Na3 Be7 8.
Nc4 Nf6 9. Ne3 b5 10. g3 O-O 11. Bg2 Be6 12. O-O Rc8 13. Ncd5 Bxd5 14. exd5 Nb8
15. a4 Nbd7 16. axb5 axb5 17. Qe2 Rb8 18. Bd2 Qc7 19. Ra5 b4 20. Rb5 Rxb5 21.
Qxb5 Rb8 22. Qc6 Qd8 23. Ra1 Nc5 24. b3 Bf8 25. Ra7 Nfe4 26. Be1 Rc8 27. Qb5
Rb8 28. Qc6 Rc8 29. Qb5 Rb8 1/2-1/2